1389 1901 1125 1108 1031 1343 1025 1067 1891 1963 1351 1033 1388 1423 1510 1384 1617 1331 1982 1173 1875 1551 1315 1948 1729 1538 1816 1219 1112 1865 1613 1522 1532 1973 1294 1527 1662 1068 1698 1183 1926 1506 1293 1946 1368 1028 1058 1211 1405 1104 1329 1868 1710 1968 1952 1833 1873 1618 1064 1572 1373 1414 1152 1021 1809 1257 1757 1128 1060 1874 1247 1889 1045 1286 1069 1543 1459 1875 1582 1168 1021 1528 1550 1245 1752 1622 1826 1118 1016 1982 1262 1529 1480 1332 1299 1452 1926 1100 1636 BCNSPRNW ULIB Ver.6.0+V

เปลี่ยนเป็นภาษาไทย

Change to English
 แสดงรายละเอียดบรรณานุกรม
  กลับหน้าหลัก

Brief Record : Get Marc (ISO 2709) : E-mail record : QR code < ปิดหน้าต่าง
LEADER : 00000nam 2200000uu 4500
001    13399126415
003     ULIB
008    020711s2018 th a 000 0 eng d
020    ^a9780323401678
060    ^aWY152^bT722E
100    ^aTouhy, Theris A.
245    ^aEbersole and Hess Gerontological Nursing & Healthy Aging
250    ^a5th ed
260    ^aLouis, Missouri :^bElsevier,^c2018
300    ^a430 pages;^b26 cm
650    ^aGeriatric Nursing
650    ^aAged
650    ^aAging
650    ^aHolistic Nursing
650    ^aHealth Promotion
945    ^p2439^l0^i004641
999    ^aประนอม เกษจรัล
รายการนี้ยังไม่มีแท็ก
คุณยังไม่ได้ล็อกอิน คุณสามารถมีกิจกรรมร่วมกับเว็บไซต์ได้ แต่ต้องล็อกอินก่อน ::
  ล็อกอิน

รายการสื่อสารสนเทศ

ลำดับที่ ประเภท เลขเรียก/บาร์โค้ด สถานที่ สถานะ
1. Book การพยาบาล
หนังสือสำรอง
สถานะ=หนังสือสำรอง
WY152 T722E ฉ.1 
  Barcode: 004641
ห้องสมุดวิทยาเขตสวรรค์ประชารักษ์
►หนังสือทั่วไป
บนชั้น

รายการใกล้เคียง
    ผู้แต่ง [Touhy, Theris A.]

    หัวเรื่อง [Geriatric Nursing]
    หัวเรื่อง [Aged]
    หัวเรื่อง [Aging]
    หัวเรื่อง [Holistic Nursing]
    หัวเรื่อง [Health Promotion]

BibComment


ยังไม่เคยถูกคอมเมนท์

คอมเมนท์ทรัพยากรรายการนี้
  คอมเมนท์: Ebersole and Hes..


 Copyright 2026. Bcnsprnw @Library